| 000 | 02042nam0a22003611 4500 | ||
|---|---|---|---|
| 001 | v19\rc\1858156 | ||
| 005 | 20260407010217.0 | ||
| 035 | _a(NLR Aleph) 004952074 | ||
| 090 |
_a5893310 _c5893310 |
||
| 100 | _a20251123 rusy50 | ||
| 101 | 0 | _arus | |
| 102 | _aRU | ||
| 105 | _ay z |||c| | ||
| 200 | 1 |
_aКраткий очерк двадцатилетней деятельности Почвенной комиссии [Вольного экономического общества] _eДоложен в сотом заседании Почв. комис. _f[П.В. Отоцкий] |
|
| 210 |
_aСанкт-Петербург _cтип. М.П. Фроловой _d[1909] |
||
| 215 |
_a25 с. _d24 |
||
| 225 | 1 |
_aИз судеб русского почвоведения _v1 |
|
| 300 | _aАвт. указан на с. 18 | ||
| 309 | _aБез тит. л. и обл. | ||
| 311 | _aОтт. из "Тр. Вольн. экон. о-ва" 1909, № 1-2, т. 1, кн. 1 | ||
| 327 | 0 | _aС. 18-25: Перечень научных сообщений в заседаниях Почвенной комиссии | |
| 464 | 0 |
_12001#$aПеречень научных сообщений в заседаниях Почвенной комиссии _1215##$aС. 18-25 _tПеречень научных сообщений в заседаниях Почвенной комиссии |
|
| 488 | 0 |
_12001#$aТруды Вольного экономического общества$v1909, № 1-2, т. 1, кн. 1 _tТруды Вольного экономического общества |
|
| 700 | 1 |
_aОтоцкий _bП.В. _f1866-1934 _gПавел Владимирович |
|
| 712 | 0 | 2 |
_aВольное экономическое общество _cПетербург _bПочвенная комиссия _3RU\NLR\AUTH\889997324 _9491866 |
| 801 | 0 |
_aRU _bNLR _gpsbo |
|
| 801 | 0 |
_aRU _bRuMoRGB _2psbo |
|
| 801 | 1 |
_aRU _bProSoft-M _2rusmarc |
|
| 852 |
_aNLR _j34.87.2.393 |
||
| 899 |
_aRuMoRGB _jU 58/121 |
||
| 899 | _aБАН | ||
| 942 | _cBOOK | ||
| 980 | _aNB | ||